Anaconda y otros cuentos / (Registro nro. 31081)
[ vista simple ]
| 000 -LEADER | |
|---|---|
| fixed length control field | 00936nam a22002537a 4500 |
| 003 - CONTROL NUMBER IDENTIFIER | |
| control field | OSt |
| 005 - DATE AND TIME OF LATEST TRANSACTION | |
| control field | 20250924121747.0 |
| 008 - FIXED-LENGTH DATA ELEMENTS--GENERAL INFORMATION | |
| fixed length control field | 250923t |||a|||| |||| 00| 0 spa d |
| 020 ## - INTERNATIONAL STANDARD BOOK NUMBER | |
| International Standard Book Number | 9789588471464 |
| 037 ## - SOURCE OF ACQUISITION | |
| Source of stock number/acquisition | Donación |
| 040 ## - CATALOGING SOURCE | |
| Original cataloging agency | CO-JMCR |
| Language of cataloging | spa |
| Transcribing agency | CO-JMCR |
| Modifying agency | CO-JMCR |
| Description conventions | rda |
| 041 0# - LANGUAGE CODE | |
| Language code of text/sound track or separate title | spa |
| 082 04 - DEWEY DECIMAL CLASSIFICATION NUMBER | |
| Classification number | 863.5 |
| Item number | Q84a |
| Edition number | 23 |
| 100 1# - MAIN ENTRY--PERSONAL NAME | |
| Personal name | Quiroga, Horacio, |
| Dates associated with a name | 1878-1937. |
| Relator term | autor. |
| 9 (RLIN) | 4855 |
| 245 10 - TITLE STATEMENT | |
| Title | Anaconda y otros cuentos / |
| Statement of responsibility, etc. | Horacio Quiroga ; ilustraciones Iván A. Benavides Carmona ; introducción Julio Paredes. |
| 250 ## - EDITION STATEMENT | |
| Edition statement | 1° edición. |
| 264 ## - PRODUCTION, PUBLICATION, DISTRIBUTION, MANUFACTURE, AND COPYRIGHT NOTICE | |
| Place of production, publication, distribution, manufacture | Bogotá : |
| Name of producer, publisher, distributor, manufacturer | Alcaldía Mayor de Bogotá, |
| -- | Instituto distrital de las artes, |
| Date of production, publication, distribution, manufacture, or copyright notice | 2011. |
| 300 ## - PHYSICAL DESCRIPTION | |
| Extent | 146 páginas : |
| Other physical details | ilustraciones ; |
| Dimensions | 16 cm. |
| 650 24 - SUBJECT ADDED ENTRY--TOPICAL TERM | |
| Topical term or geographic name entry element | Cuentos. |
| Source of heading or term | JMCR |
| 650 24 - SUBJECT ADDED ENTRY--TOPICAL TERM | |
| Topical term or geographic name entry element | Vida en la selva |
| Form subdivision | Cuentos. |
| Source of heading or term | JMCR |
| 9 (RLIN) | 44327 |
| 650 24 - SUBJECT ADDED ENTRY--TOPICAL TERM | |
| Topical term or geographic name entry element | Animales |
| Form subdivision | Cuentos. |
| Source of heading or term | JMCR |
| 9 (RLIN) | 40589 |
| 700 1# - ADDED ENTRY--PERSONAL NAME | |
| Personal name | Benavides Carmona, Ivan Andrés, |
| Dates associated with a name | 1990- |
| Relator term | ilustrador. |
| 9 (RLIN) | 44328 |
| 942 ## - ADDED ENTRY ELEMENTS (KOHA) | |
| Source of classification or shelving scheme | Dewey Decimal Classification |
| Koha item type | Books |
| Withdrawn status | Lost status | Source of classification or shelving scheme | Damaged status | Not for loan | Collection code | Home library | Current library | Shelving location | Date acquired | Source of acquisition | Total Checkouts | Full call number | Barcode | Date last seen | Copy number | Price effective from | Koha item type |
|---|---|---|---|---|---|---|---|---|---|---|---|---|---|---|---|---|---|
| Dewey Decimal Classification | Fiction | Biblioteca Pública José María del Castillo y Rada | Biblioteca Pública José María del Castillo y Rada | Book Cart | 12/06/2021 | Donación | 863.5 Q84a | 201811339 | 09/23/2025 | Ej.1 | 09/23/2025 | Books |